EL CORSO MARITIMO (CONCEPTO, JUSTIFICACION E HISTORIA) /

Guardado en:
Bibliografiske detaljer
Hovedforfatter: Azcarraga y de Bustamante, José Luis de (autor)
Format: Bog
Serier:ESTUDIOS DE DERECHO INTERNACIONAL MARITIMO ; 1
Fag:
Tags: Tilføj Tag
Ingen Tags, Vær først til at tagge denne postø!

MARC

LEADER 00000nam^a2200000^a^4500
001 000234984
005 20250521000000.0
009 20260310104746.049
035 |a 058613 
037 |a Acervo Xavier Clavigero 
082 |a 343. 096  |b AZC 
100 |a Azcarraga y de Bustamante, José Luis de  |e (autor) 
245 1 3 |a EL CORSO MARITIMO (CONCEPTO, JUSTIFICACION E HISTORIA) /  |c JOSE LUIS DE AZCARRAGA Y DE BUSTAMANTE 
264 |a MADRID :  |b INSTITUTO FRANCISCO DE VITORIA,  |c 1950 
300 |a 395 p. 
336 |a texto  |b txt  |2 rdacontenido 
337 |a sin mediación  |b n  |2 rdamedio 
338 |a volumen  |b nc  |2 rdasoporte 
440 |a ESTUDIOS DE DERECHO INTERNACIONAL MARITIMO ;  |v 1 
649 |a XX 
650 |a Corso Marítimo 
650 |a Derecho Marítimo 
650 |a Derecho Internacional 
910 |a Fondo General 
920 |a Impresos - Libros 
930 |a Colección General 
905 |a 101 
901 |a 058613  |b IT1  |c ACC  |i 058613  |u 20250521 
902 |a https://opac.biblio.iteso.mx/vufind/Record/000234984